Sun Country Airlines Destinations - Statistics

General Stats
  • This quiz has been taken 26 times
  • The average score is 61 of 94
Answer Stats
Country Destination % Correct
United States Austin
100%
United States Dallas/Fort Worth
100%
United States Detroit
100%
United States Atlanta
92%
United States Baltimore
92%
United States Boston
92%
Mexico Cancún
92%
United States Chicago
92%
United States Houston
92%
United States Los Angeles
92%
United States Minneapolis
92%
United States Nashville
92%
United States New Orleans
92%
United States Philadelphia
92%
United States Portland (ME)
92%
United States Portland (OR)
92%
United States San Francisco
92%
United States Seattle/Tacoma
92%
United States Washington
92%
United States Cincinnati
83%
United States Denver
83%
United States Fort Myers
83%
United States Indianapolis
83%
United States Kansas City
83%
United States Las Vegas
83%
United States Miami
83%
Canada Montréal
83%
United States New York
83%
United States Phoenix
83%
United States San Antonio
83%
United States San Diego
83%
United States St. Louis
83%
United States Tampa
83%
Canada Toronto
83%
United States Tucson
83%
United States Albuquerque
75%
Aruba Aruba
75%
United States Columbus
75%
United States Fort Lauderdale
75%
United States Jacksonville
75%
United States Louisville
75%
United States Milwaukee
75%
United States Oakland
75%
United States Orlando
75%
Dominican Republic Punta Cana
75%
United States Raleigh/Durham
75%
United States Salt Lake City
75%
Sint Maarten Sint Maarten
75%
Canada Vancouver
75%
Belize Belize City
67%
United States Buffalo
67%
United States Grand Rapids
67%
United States Myrtle Beach
67%
United States Pittsburgh
67%
United States Reno
67%
United States Richmond
67%
Mexico San José del Cabo
67%
Puerto Rico San Juan
67%
United States Savannah
67%
United States Spokane
67%
United States Asheville
58%
United States Charleston
58%
Cayman Islands Grand Cayman
58%
United States Hartford
58%
Costa Rica Liberia
58%
United States Madison
58%
U.S. Virgin Islands Saint Thomas
58%
United States Boise
50%
Mexico Puerto Vallarta
50%
United States Syracuse
50%
United States Anchorage
42%
United States Bozeman
42%
Mexico Cozumel
42%
Jamaica Montego Bay
42%
United States Palm Springs
42%
United States Providence
42%
Turks & Caicos Providenciales
42%
Honduras Roatan
42%
United States Destin/Fort Walton Beach
33%
United States Sarasota
33%
United States Wilmington
33%
United States Appleton
25%
United States Burlington
25%
Mexico Ixtapa/Zihuatanejo
25%
United States Eau Claire
17%
United States Gulfport/Biloxi
17%
United States Harlingen
17%
United States Kalispell
17%
Mexico Mazatlán
17%
United States Missoula
17%
United States Traverse City
17%
United States Punta Gorda
8%
United States Rapid City
8%
United States Williston
0%
No matching quizzes found
Score Distribution
Percent of People with Each Score
Percentile by Number Answered
Your Score History
You have not taken this quiz